LEADER 00663nam a2200181 i 4500 001 000000041306 003 CaOOAMICUS 005 19950202000000.0 008 950202n it u000 u ita u 013 $a12476 040 $aSeMil$bita 100 1 $aD'Atteo, Fedele.$0(OLS)http://semarc/name/20302 245 10$aAppunti di dottrina sociale cristiana. 650 4$aChiesa cattolica - Dottrina sociale.$0(OLS)http://semarc/subject/330 850 $aSeMil 852 $aSeMil$W1$xVenegono$y1$m3N IV 364$j7461$B7461$CSeMilBibl$Z2$F7461 $81 961 $aOmaggio: Rimoldi mons. Antonio 996 $6245$aAppunti di dottrina sociale cristiana$9(OLS)http://semarc/title/59758 LEADER 01116nam a2200253 i 4500 001 000000128653 003 CaOOAMICUS 005 20040809000000.0 008 040809s1948 it u000 u ita u 013 $a101380 040 $aSeMil$bita 110 0 $aTouring Club Italiano.$0(OLS)http://semarc/name/2273 245 10$aAbruzzo e Molise /$cTouring Club Italiano. 250 $a1. Ed. impressa coi tipi del Bertieri. 260 $aMilano :$bTouring Club Italiano,$c1948. 300 $a237 p., 1c. geog. :$b431 incisioni in nero ;$c29 cm. 490 0 $aAttraverso l'Italia : illustrazione delle regioni italiane ;$vVolume14. 650 4$aAbruzzo.$0(OLS)http://semarc/subject/11038 650 4$aMolise.$0(OLS)http://semarc/subject/25415 830 0$aAttraverso l'Italia : illustrazione delle regioni italiane ;$vVolume14.$0(OLS)http://semarc/title/15885 850 $aSeMil 852 $aSeMil$W1$xVenegono$y1$m4Y V 104$j82865$B82865$CSeMilBibl$Z2$F85486 $81 996 $6245$aAbruzzo e Molise$9(OLS)http://semarc/title/180406 996 $6260$aMilano :$bTouring Club Italiano$9(OLS)http://semarc/publisher/29688